000 01362nam a22004217a 4500
005 20230830125437.0
008 210811b2019 xxu||||| |||| 00| 0 spa d
020 _a9789582604455
041 _aESP
082 _a621.381.5 P654g
100 _aPinilla Rodríguez, Henry Giovanni
_960776
100 _aGómez Vargas, Carlos Antonio
_960777
100 _aAristizábal, Andrés Julián
_960778
245 _aGuía de laboratorio de circuitos eléctricos en régimen estacionario
260 _aColombia
260 _bEdiciones Universidad Central
260 _c2019
300 _a100 páginas
650 _aCIRCUITOS ELÉCTRICOS
650 _aRESISTENCIAS ELÉCTRICAS
650 _aELECTRÓNICA
650 _aAPARATOS E INSTRUMENTOS
650 _aMANUALES DE LABORATORIO
650 _aEQUIPOS DE LABORATORIO
650 _aLEY DE OHM
650 _aMEDICIÓN DE CIRCUITOS ELÉCTRICOS
650 _aLEYES DE KIRCHHOFF
650 _aDIVISORES DE VOLTAJE Y CORRIENTE
650 _aANÁLISIS DE NODOS Y MALLAS
650 _aPUENTE DE WHEATSTONE
650 _aTEOREMAS DE CIRCUITOS ELÉCTRICOS
650 _aCONDENSADORES
650 _aINDUCTORES
650 _aMEDICIÓN FASORIAL
650 _aPOTENCIA AC
942 _cBK
_2ddc
999 _c13084
_d13084